Sociology <The> Human Science
Gespeichert in:
| 1. Verfasser: | |
|---|---|
| Format: | Buch |
| Sprache: | Englisch |
| Veröffentlicht: |
New York
MacGraw-Hill Book Co.
1981
|
| Ausgabe: | 2. ed. |
| Schlagworte: | |
| Tags: |
Keine Tags, Fügen Sie das erste Tag hinzu!
|
MARC
| LEADER | 00000nam a2200000 4500 | ||
|---|---|---|---|
| 001 | c002166 | ||
| 005 | 20221207074140.6 | ||
| 020 | |a 0-07-061280-3 | ||
| 041 | 0 | |a eng | |
| 044 | |a US | ||
| 245 | 1 | 0 | |a Sociology |b <The> Human Science |c Elbert W. Stewart |
| 250 | |a 2. ed. | ||
| 264 | 1 | |a New York |b MacGraw-Hill Book Co. |c 1981 | |
| 300 | |a 655 s. | ||
| 610 | 2 | 0 | |a sociológia |
| 610 | 2 | 0 | |a vedy spoločenské |
| 610 | 2 | 0 | |a kultúra |
| 610 | 2 | 0 | |a socializácia |
| 610 | 2 | 0 | |a skupiny sociálne |
| 610 | 2 | 0 | |a triedy spoločenské |
| 610 | 2 | 0 | |a mobilita sociálna |
| 610 | 2 | 0 | |a kolektív |
| 610 | 2 | 0 | |a rodina |
| 610 | 2 | 0 | |a vzdelávanie |
| 610 | 2 | 0 | |a náboženstvo |
| 610 | 2 | 0 | |a systémy ekonomické |
| 610 | 2 | 0 | |a sociológia práce |
| 610 | 2 | 0 | |a populácia |
| 100 | 1 | |a Stewart, Elbert W. | |